00809 2200265 4500001002100000005001500021035002000036007000300056008004100059020001800100082001100118084001700129100003800146245006600184250001200250300004300262650003900305650004300344700003000387264003900417336002100456337003000477338002300507990001300530INLIS00000000111882820220527094619 a0010-0422000308ta220527 0 ind  a9786237845256 a297.63 a297.63 VEI e0 aVeithzal Rivai ZainalePengarang1 aEkonomi Makro Islam /cVeithzal Rivai Zainal, Rahmat Hidayat aedisi 1 axii, 572 halaman :bilustrasi ;c25 cm 4aIslam dan Ekonomi -- Ekonomi Makro 4aIslam and Economics -- Macro Economics0 aRahmat HidayatePengarang aYogyakarta :bUPP STIM YKPN,c2021 2rdacontentaTeks 2rdamediaaTanpa Perantara 2rdacarrieraVolume a21/01104